000 01111nam a22002657a 4500
001 BD-DhSAU 8451
003 BD-DhSAU
005 20220309123124.0
008 150420b2007 bg ||||| m||| 000 0 eng d
040 _aBD-DhSAU
082 _222
_a....
_b....
100 _aRashid, Md Harun-Ur
_eRegistration # 26269/00554
245 _aCharacterization and diversity analysis of the oleiferous Brassica species /
_bMS thesis
260 _aSher-e-Bangla Agricultural Universities :
_bDepartment of Genetics and Plant Breeding,
_c2007.
300 _axi, 98 p. ;
_c30 cm.
_bill. ;
500 _aMS thesis of Department of Genetics and Plant Breeding, Faculty of Agriculture, Sher-e-Bangla Agricultural University, Dhaka, Bangladesh
590 _aerfat
650 _aGenetics and Plant Breeding.
650 _aCharacterization and diversity analysis.
650 _aOleiferous Brassica species /
700 _aBhuiyan, Md Shahidur Rashid
_eSuperviser
700 _aAkbar, Md Ali
_eCo-superviser
856 _uhttp://archive.saulibrary.edu.bd:8080/xmlui/handle/123456789/639
942 _2ddc
_cTHESIS
999 _c8451
_d8451